| 000 | 00798nam a2200205 i 4500 | ||
|---|---|---|---|
| 001 | 82918 | ||
| 003 | ES-MaACL | ||
| 005 | 20230906174743.0 | ||
| 007 | t| | ||
| 008 | 190405s1962 sp ||||1| spa d | ||
| 111 | 2 |
_aConsejo Económico de Tierra de Campos ( _d1962. _cPalencia) _9166776 |
|
| 245 | 1 | 0 | _aClausura del Consejo Económico de Tierra de Campos. |
| 260 |
_aMadrid : _b[s.n.], _c1962 ( _fLa Hispanense Industrial) |
||
| 300 |
_a21 p.,1 lám. ; _c29 cm. |
||
| 490 | 1 |
_aConsejo Económico Nacional. Gabinete Técnico Programación Regional ; _v1 |
|
| 651 | 4 |
_aTierra de Campos (España, Comarca)- _xSituación económica. _9166777 |
|
| 830 | 0 |
_aConsejo Económico Nacional. Gabinete Técnico Programación Regional ; _v1 _9231611 |
|
| 852 |
_aES-MaACL _j2339-F-35 |
||
| 999 |
_c82918 _d82918 |
||